000 00243nam a2200109Ia 4500
008 190216s9999||||xx |||||||||||||| ||und||
100 _aEliot T S
245 4 _aThe Family Region
260 _bFaber And Faber
650 _aEnglish
942 _cBK
999 _c12235
_d12235